HUMAN RELATIONS IN ORGANIZATIONS (Record no. 252160)
[ view plain ]
| 000 -LEADER | |
|---|---|
| fixed length control field | 00268nam a22001097a 4500 |
| 020 ## - INTERNATIONAL STANDARD BOOK NUMBER | |
| ISBN | 139780073210551 |
| 100 ## - MAIN ENTRY--AUTHOR NAME | |
| Personal name | ROBERT N. LUSSIER |
| 245 ## - TITLE STATEMENT | |
| Title | HUMAN RELATIONS IN ORGANIZATIONS |
| 250 ## - EDITION STATEMENT | |
| Edition statement | 7TH EDITION |
| 260 ## - PUBLICATION, DISTRIBUTION, ETC. (IMPRINT) | |
| Place of publication | NEWYORK |
| Name of publisher | MCGRAW-HILL/IRWIN |
| Year of publication | 2008 |
| 942 ## - ADDED ENTRY ELEMENTS (KOHA) | |
| Koha item type | Long Loan Books |
No items available.
